| 000 | 00604nam a22001937a 4500 | ||
|---|---|---|---|
| 003 | OSt | ||
| 005 | 20220107122721.0 | ||
| 008 | 130826b xxu||||| |||| 00| 0 eng d | ||
| 020 | _a9781591396338 | ||
| 040 | _cIIITM-K | ||
| 082 | _a650.11 HAR/T | ||
| 100 |
_aHarvard Business School _92081 |
||
| 245 |
_aHarvard Business essentials: _bTime management, increase your personal productivity and effectiveness _cby Harvard Business School |
||
| 260 |
_aBoston, _bHarvard Business School, _c2005. |
||
| 300 | _axx, 152p. | ||
| 650 |
_aMANAGEMENT _92082 |
||
| 650 |
_aTIME MANAGEMENT _92083 |
||
| 942 |
_2ddc _cBK |
||
| 999 |
_c3305 _d3305 |
||